000 00596nam a22001457a 4500
020 _a978-0-143-42706-3
082 _a823
_bMEL/M
100 _aMELVILLE, HERMAN
245 _aMOBY DICK
260 _aUNITED STATES
_bPENGUIN BOOKS
_c2016
300 _a597
520 _a the story of Captain Ahab's self-destructive obsession with the white whale called Moby Dick. It is told through the narration of Ishmael, a sailor new to Ahab's ship, the Pequod. The plot of the novel follows Ahab's manic drive to kill the whale, even as it endangers his crew.
650 _aNOVEL
_zUNITED STATES
942 _cBK
999 _c3542
_d3542